BIBLIOTHÈQUE DE LA MAISON DU MEXIQUE

Logo 1 Logo 2

Agua quemada (notice nᵒ 8756)

détails MARC
000 -Sello discográfico
campo de control de longitud fija 00791nam a2200289 4500
005 - Identificación de versión
campo de control 20251017062749.0
010 ## - Número Estándar Internacional de Libros (ISBN)
Número (ISBN) 84-375-0200-4
099 ## - fechas locales
Tipo de ítem Koha LIBRO
100 ## - Datos de procesamiento general
Datos de procesamiento general 20021128d1981 m y1spay5003 ba
105 ## - Campo de datos codificados: Material textual, monográfico
Datos codificados de monografía a 001zy
200 1# - Título y mención de responsabilidad
Título propio Agua quemada
Designación general del material texto impreso
Primer mención de responsabilidad Carlos Fuentes
205 ## - Declaración de edición
Declaración de edición 1a ed
210 ## - Publicación, distribución, etc.
Lugar de publicación, distribución, etc. Madrid
Nombre del editor, distribuidor, etc. Fondo de Cultura Económica
Fecha de publicación, distribución, etc. 1981
215 ## - Descripción física
Designación de material específico y extensión del ítem 139 p
Otras características físicas il.
Dimensiones 21 cm
345 ## - Nota de información de adquisición
Fuente de adquisición/dirección de la suscripción [OBSOLETO] Donación
410 #1 - Series
Título Colección Tierra Firme
606 ## - Término temático usado como materia
Elemento de entrada Novela mexicana
Subdivisión cronológica Siglo XX
Número Koha 64
660 ## - Código de área geográfica
Código MX
700 ## - Nombre personal - Responsabilidad primaria
Elemento de entrada Fuentes Macías
Parte del nombre distinta del elemento de entrada Carlos
Fechas 1928-2012
Número Koha 28
801 #0 - Fuente de origen
Agencia cm
900 ## -
-- 1/3074
900 ## -
-- 7100214863\281102
942 ## - ELEMENTOS DE ENTRADA SECUNDARIOS (KOHA)
Tipo de ítem Koha Livre
996 ## -
-- MEX
-- 751145101
-- MMAG
-- 009567
-- 863.4 F954AGU
-- 20240130LIV
Exemplaires
Estatus retirado Estado de daño Estado de pérdida Fecha de adquisición Biblioteca de origen Biblioteca actual Ubicación en estantería Código de barras Precio de reemplazo Signatura topográfica completa No para préstamo Tipo de ítem Koha Nota pública Nota no pública
      05/08/2025 Casa México Paris Casa México Paris   009567 05/08/2025 863.4 F954AGU   Livre 20240130LIV 751145101